Hebrews / (Record no. 8949)

MARC details
000 -LEADER
fixed length control field 00577cam a22001932 4500
001 - CONTROL NUMBER
control field 0000019348
005 - DATE AND TIME OF LATEST TRANSACTION
control field 20151217152153.0
008 - FIXED-LENGTH DATA ELEMENTS--GENERAL INFORMATION
fixed length control field 101105s xx 000 0 eng d
040 ## - CATALOGING SOURCE
Original cataloging agency KABU
Transcribing agency KABU
110 2# - MAIN ENTRY--CORPORATE NAME
Corporate name or jurisdiction name as entry element Grace Baptist Mission.
-- 0000179066
245 10 - TITLE STATEMENT
Title Hebrews /
Statement of responsibility, etc. Grace Baptist Mission.
250 ## - EDITION STATEMENT
Edition statement 1st ed.
260 ## - PUBLICATION, DISTRIBUTION, ETC. (IMPRINT)
Place of publication, distribution, etc. Oxford :
Name of publisher, distributor, etc. Grace Baptist Mission,
Date of publication, distribution, etc. 2009.
300 ## - PHYSICAL DESCRIPTION
Extent iii, 140 p.
630 00 - SUBJECT ADDED ENTRY--UNIFORM TITLE
Uniform title Bible.
Name of part/section of a work N. T.
-- Hebrews.
General subdivision Commentaries.
-- 0000178669
852 1# - LOCATION
-- p200 KES
908 ## - PUT COMMAND PARAMETER (RLIN)
Put command parameter 101105
950 ## - LOCAL HOLDINGS (RLIN)
-- 1
Holdings
Withdrawn status Lost status Source of classification or shelving scheme Not for loan Home library Current library Date acquired Total Checkouts Full call number Barcode Date last seen Price effective from Koha item type
    Library of Congress Classification   Kabarak, Main Campus Kabarak, Main Campus 17/12/2015   BS2775.53 ,G73 2009 c. 1 23551 02/08/2024 17/12/2015 General Collection
Designed with assistance from East African Informatics Ltd